Statistics for Guess the country from the picture

Click here to take the quiz!

General Stats

  • This quiz has been taken 29 times
  • The average score is 6 of 16

Answer Stats

Answer% Correct
North Korea
88%
Brazil
63%
India
63%
United States
63%
Ukraine
58%
China
46%
Uzbekistan/Kazakhstan
42%
Indonesia
42%
Turkmenistan
33%
Pakistan
33%
Kenya
25%
Kuwait
25%
Nauru
21%
Venezuela
17%
Albania
17%
Malaysia
8%

Score Distribution

Percentile by Number Answered

Percent of People with Each Score

Your Score History

You have not taken this quiz